Vysoké Tatry
| Main Author: | |
|---|---|
| Format: | Book |
| Language: | Slovak English German French |
| PhysicalDescription: | 124 strán, [1] mapová príloha, [4] nečíslované strany obrazových príloh fotografie, mapy 21 cm |
| Published: |
Banská Bystrica
Stredoslovenské vydavateľstvo
1969
|
| Edition: | 1. vyd. |
| Series: | Aktuality
|
| Subjects: |
MARC
| LEADER | 00000cam a2200000 a 4500 | ||
|---|---|---|---|
| 001 | vtls008359061 | ||
| 003 | SK-MaSNL | ||
| 005 | 20260301182219.0 | ||
| 008 | 190102s1969 xo ob fr 000 0 slo | ||
| 015 | |a SNBA1969/12-02663 | ||
| 020 | |q (viazané) | ||
| 035 | |a SK01SNK19690051278 | ||
| 035 | |a SKM000053741 | ||
| 040 | |a SNK |b slo |c SNK |e AACR2 | ||
| 041 | 0 | |a slo |a eng |a ger |a fre | |
| 043 | |a e-pl--- |a e-xo--- | ||
| 044 | |a xo |c SK | ||
| 072 | 7 | |a 929 |x Biografie |2 konspekt | |
| 072 | 7 | |a 911 |x Všeobecná geografia. Systematická geografia |2 konspekt | |
| 080 | |a 929-058.1 |2 2011 | ||
| 080 | |a 77 |2 2011 | ||
| 080 | |a (234.372.4) |2 2011 | ||
| 080 | |a (084.12) |2 2011 | ||
| 080 | |a (048.8) |2 2011 | ||
| 100 | 1 | |a Benický, Karol, |d 1940-2011 |4 aut |9 87661 | |
| 245 | 1 | 0 | |a Vysoké Tatry |c Karol Benický |
| 250 | |a 1. vyd. | ||
| 260 | |a Banská Bystrica |b Stredoslovenské vydavateľstvo |c 1969 | ||
| 300 | |a 124 strán, [1] mapová príloha, [4] nečíslované strany obrazových príloh |b fotografie, mapy |c 21 cm | ||
| 366 | |e 37000 kusov | ||
| 490 | 1 | |a Aktuality |v zv. 88 | |
| 500 | |a Fotografia na frontispice | ||
| 546 | |a Súbežný text v angličtine, nemčine a francúzštine | ||
| 650 | 0 | 7 | |a osobnosti |2 SNKPH |9 29820 |
| 650 | 0 | 7 | |a fotografia |2 SNKPH |9 1694 |
| 651 | 7 | |a Vysoké Tatry (Poľsko a Slovensko : pohorie) |2 SNKPHgeo |9 67729 | |
| 655 | 7 | |a fotografické publikácie |2 SNKPH |9 70483 | |
| 655 | 7 | |a monografie |2 SNKPH |9 70139 | |
| 830 | 0 | |a Aktuality |9 275567 | |
| 852 | |a Slovenská národná knižnica | ||
| 954 | |a odborná, vedecká literatúra pôvodná (slovenská) |2 lita | ||
| 954 | |a obrazové publikácie zamerané na výtvarné umenie a fotografiu pôvodné (slovenské) |2 lita | ||
| 958 | |a RK | ||
| 958 | |a TL | ||
| 958 | |a OND | ||
| 958 | |a BX | ||
| 999 | |c 852849 |d 854779 | ||
| 952 | |a SNK |b SNK |y PREZ |7 0 |p 17A0931798 |o snkSC 25550 |i snkKSP 979/70 |0 0 |1 0 |4 0 |d 2012-08-28 |l 0 |r 2026-02-24 04:47:03 |w 2026-02-24 | ||
| 952 | |t P60, <04>, [BOOK], {604} |a SNK |b SNK |y VYP |7 0 |o snkSC 25550 D1 |i snkKSP 980/70 |0 0 |1 0 |4 0 |d 1997-01-10 |l 0 |r 2005-01-01 00:00:00 |w 2026-02-24 | ||


